Лексико-стилістичні особливості текстів пісенного жанру американської групи "The Linking Park" (Запис № 284054)

МАРК-запис
000 -LEADER
fixed length control field 01950nam a22001577a 4500
041 ## - LANGUAGE CODE
Language code of text/sound track or separate title ukr
080 ## - UNIVERSAL DECIMAL CLASSIFICATION NUMBER
Universal Decimal Classification number 09
090 ## - LOCALLY ASSIGNED LC-TYPE CALL NUMBER (OCLC); LOCAL CALL NUMBER (OCLC)
Local cutter number (OCLC) ; Book number/undivided call number, CALL (RLIN) БЕР
100 ## - MAIN ENTRY--PERSONAL NAME
Personal name Бернацький В. В.
245 ## - TITLE STATEMENT
Title Лексико-стилістичні особливості текстів пісенного жанру американської групи "The Linking Park"
260 ## - PUBLICATION, DISTRIBUTION, ETC. (IMPRINT)
Place of publication, distribution, etc Острог
Name of publisher, distributor, etc КАФ
Date of publication, distribution, etc 2007
300 ## - PHYSICAL DESCRIPTION
Extent 51
520 ## - SUMMARY, ETC.
Summary, etc Вступ<br/>Розділ 1 Загальна лексико-стилістична характеристика текстів малого жанру <br/>1.1 Стильові особливості текстів малого жанру<br/>1.2 Лексичні особливості текстів малого жанру<br/>1.3 Пісня як форма комунікації<br/>Розділ 2 Прагмакомунікативний аспект текстів пісень американської групи "The Linking Park"<br/>2.2 Особливості функціонування нейтральних лексичних одиниць у текстах пісень групи "The Linking Park"<br/>2.3 Вживання повторів як показника емотивності в текстах пісень групи "The Linking Park"<br/>2.4 Автокомунікація як складова комунікативного статусу пісні <br/>Розділ 3 Лексичні синоніми як засіб виразності в ліриці американської групи "The Linking Park"<br/>3.1 Лексична синонімія<br/>3.2 Ідеографічні синоніми в ліричних творах<br/>3.3 Еммоційно-експресивні синоніми в текстах пісень американської групи "The Linking Park"<br/>Висновки
-- тексти малого жанру, автокомунікація,
650 ## - SUBJECT ADDED ENTRY--TOPICAL TERM
Topical term or geographic name as entry element Research Papers
942 ## - ADDED ENTRY ELEMENTS (KOHA)
Koha item type Книги
Фонди
Withdrawn status Lost status Source of classification or shelving scheme Damaged status Not for loan Home library Current library Date acquired Source of acquisition Cost, normal purchase price Total Checkouts Full call number Barcode Date last seen Price effective from Koha item type
    Universal Decimal Classification     ВІЛ - Відділ іноземн. літератури НБ ВІЛ - Відділ іноземн. літератури НБ 16/04/2009 Акт №1 1.00   09 213558 20/12/2021 16/04/2009 Книги